The Tatas, Freddie Mercury & other Bawas : an intimate history of the Parsis (Record no. 43174)

MARC details
000 -LEADER
fixed length control field 00459nam a22001697a 4500
005 - DATE AND TIME OF LATEST TRANSACTION
control field 20241229224304.0
008 - FIXED-LENGTH DATA ELEMENTS--GENERAL INFORMATION
fixed length control field 241229b |||||||| |||| 00| 0 eng d
020 ## - INTERNATIONAL STANDARD BOOK NUMBER
International Standard Book Number 9780143459811
041 ## - LANGUAGE CODE
Language code of text/sound track or separate title Eng
082 ## - DEWEY DECIMAL CLASSIFICATION NUMBER
Classification number 920 KAP
100 ## - MAIN ENTRY--PERSONAL NAME
Author Kapoor Coomi
245 ## - TITLE STATEMENT
Title The Tatas, Freddie Mercury & other Bawas : an intimate history of the Parsis
260 ## - PUBLICATION, DISTRIBUTION, ETC.
Place Haryana
Publisher Penguin Books
Publication Year 2021
300 ## - PHYSICAL DESCRIPTION
Extent 334;. P.
650 ## - SUBJECT ADDED ENTRY--TOPICAL TERM
Subject History; Non-Fiction
942 ## - ADDED ENTRY ELEMENTS (KOHA)
Koha item type Books
Holdings
Withdrawn status Lost status Source of classification or shelving scheme Damaged status Not for loan Home library Current library Shelving location Accession Date Vendor Price Bill number Total Checkouts Full call number Barcode No Date last seen Date last checked out Bill Date Koha item type
    Dewey Decimal Classification     IMTN IMTN Rack 42-B 12/29/2024 Raghav Book Private Limited 599.00 1861 1 920 KAP 33577 03/20/2025 03/09/2025 12/14/2024 Books
Designed & Maintained by: LRC IMT Nagpur Contact: lrc@imtnag.ac.in© 2024. All Rights Reserved.